00995cam a2200289 a 45000010005000000030006000050050017000110080041000280100017000690200027000860200022001130200018001350400023001530420009001760500015001850820012002001000022002122450119002342600042003533000048003955200119004436500029005626500021005916500025006126500033006377000035006704444FISKH20250612154625.0000203s2000 ctua b 000 1 eng  a 00023166  a1568998872 (hardcover) a1568998880 (pbk.) a9781568998886 aDLCcDLCdDLCbeng alcac aPZ10.D386  a599.25 1 aDennard, Deborah.10aKoala country :ba story of an Australian eucalyptus forest /cby Deborah Dennard ; illustrated by James McKinnon. aNorwalk, Conn. :bSoundprints,c2000. a27 pages : bcolor illustrations ; c26 cm  aA mother koala and her joey feed and observe the other animal inhabitants of their fragile eucalyptus forest home. 0aKoalavJuvenile fiction. 1aKoalasvFiction. 1aMarsupialsvFiction. 1aZoologyzAustraliavFiction.1 aMcKinnon, James,eillustrator